000
00304nam a2200109Ia 4500
008
180205s9999 xx 000 0 und d
020
_a
9712331253
100
_a
Bascara, Linda R.
245
_a
Writing for a corporate world /
260
_a
Recto Avenue City
_b
REX book store
_c
2001
300
_a
v, 183 pages
999
_c
354807
_d
354807